| 000 | 00760nam a22002175i 4500 | ||
|---|---|---|---|
| 001 | 178216 | ||
| 003 | ES-MaACL | ||
| 005 | 20250827100727.0 | ||
| 008 | 110523s1968 sp |||| | spa d | ||
| 080 | _a523.4 | ||
| 245 | 0 | 3 | _aUn paseo interplanetario. |
| 260 |
_aMadrid : _bDelblan, _cD. L. 1968. |
||
| 300 |
_a16, 16 p. ; _c16 cm. |
||
| 490 | 1 |
_aMosaico cultural : colección de temas instructivos. 1. Maravillas del universo ; _v7-8 |
|
| 500 | _aEncuadernados con otros títulos. | ||
| 505 | 8 | _aContiene: 1ª Parte y 2ª Parte | |
| 650 | 4 |
_aPlanetas. _9146677 |
|
| 830 | 0 | 0 |
_aMosaico cultural: colección de temas instructivos. _pMaravillas del universo _v7-8 _9190804 |
| 852 |
_aES-MaACL _jE-15188 (7)-(8) _xOlim P-1923 |
||
| 999 |
_c178216 _d178216 |
||